[Event "Ivar Bern - WCCC XVII finale"]
[Site "?"]
[Date "2002.03.08"]
[Round "16"]
[White "Bern, Ivar"]
[Black "Lecroq, Michel GM"]
[Result "1-0"]
[WhiteElo "2592"]
[BlackElo "2595"]
[PlyCount "89"]
[EventDate "2002.??.??"]

1. d4 Nf6 2. c4 {Playing White I often choose main variations where I try to
squeeze as much as possible out of the initiative resulting from having the
first move.} g6 3. Nc3 Bg7 4. e4 d6 5. Nf3 O-O 6. Be2 e5 7. O-O Nc6 8. d5 Ne7
9. Ne1 {Previously I preferred 9.Sd2, but Black probably equalises after  9...
a5 10.a3 c6 11.Rb1 b5. After 12.dxc6 b4 3.axb4 axb4 14.Nd5 Nxc6, Nd2 is only
standing in the way. 9.b4 Nh5 10.Re1 is quite popular these days, but I think
Black is OK after 10...f5 11.Ng5 Nf6 12.Bf3 c6.} Nd7 10. Be3 f5 11. f3 f4 12.
Bf2 g5 {In a book by Marovic there is an interesting chapter on the historical
development of this variation.  With a closed centre and domination on
respective flanks, we're definitely in for a race! White has constantly been
orced to find faster ways of attacking on the Queen-side.} 13. Rc1 {A relativel
y recent attempt to get things going on the Queen-side. The move was first
played by GM Kozul. The idea is to open the c-file with the pawn sacrifice
c4-c5.} Ng6 {13...Rf6!? is a radical alternative. The plan is Rh6 and
Qd8-e8-h5. White should counter Qe8 with Kh1 and Bg1.} 14. c5 Nxc5 15. b4 Na6 {
An important tempo-winning point in this variation is that this Knight ends up
far from its usual square f6, making it harder for Black to carry out g5-g4.}
16. Nd3 {Piket/^s move. More common is 6.Nb5 Bd7 17.Nxa7, but after 17...Rf7
18.a4 Black can probably capture the pawn with 18...Nxb4!?} h5 17. Nb5 Bd7 18.
a4 Bh6 19. Rc3 {The Rook covers the King-side if Black plays g5-g4. The point
behind 18...Bh6 is seen in the variation 19.Nxa7?! g4! 20.fxg4 f3!} Rf7 {
In my other King/^s Indian, the German Stern drew by 19...b6 20.Be1 Rf7 1.Nf2
Bc8 (Piket - Kasparov, Linares 1997 continued 21...Nh4 22.Nxd6 cxd6 23.Bxa6)  
22.Ra3 Nxb4!? 23.Bxb4 a6 24.Nxd6 cxd6 etc.} 20. Nxa7 Rg7 21. b5 {This is probab
ly the most important novelty I found in this tournament. The move involves a
positional piece sacrifice and definitely lives up to Marovic/^ thesis: to
play as fast as possible. In previous games White has backed off with 21.Nb5.}
Nc5 {After the admission 21...Nb8 22.a5 White will have achieved a lot on the
Queen-side.} 22. Nxc5 dxc5 23. Bxc5 g4 {The point behind 21.b5 is the endgame
ensuing after 23...b6 24.Nc6 Bxc6 25.dxc6 Qxd1 26.Rxd1 bxc5 27.Ra3! Black is a
piece up, but the King-side pieces do very little to stop White/^s pawns.
White can brag about his d-file and a Bishop turning into a white-squared God.
I believe White has a decisive advantage.   My main variation was 27...Ra5 28.
Bc4+ Kh7 29.Rd7 Nf8 30.Rad3!! (threatening b5-b6.) 30...Ra8 (30...Rxa4 31.
Rxg7+ Bxg7 32.b6! cxb6 33.c7 Rxc4 34.c8Q) 31.Rxg7+ Bxg7 32.a5! Rc8 (32...Rxa5
33.b6) 33.a6 Bf6 34.a7 Bd8 35.Ra3 Ra8 36.Bd5 after which b5-b6 decides.} 24.
fxg4 {Opening the 3rd row for Rc3 is vital. Fritz suggests 24.d6??, but White
doesn/^t persevere 24...g3! 25.dxc7 Qh4 26.h3 Bxh3 27.gxh3 Qxh3.} Qg5 {
Black can still win a piece through 24...hxg4 25.Bxg4 b6 26.Nc6 Bxc6 27.dxc6
Qxd1 28.Bxd1 bxc5 29.Bb3+ Kh7 30.Kh1+/-; or 24...b6 25.Nc6 Bxc6 26.dxc6 bxc5
27.Qxd8+ Rxd8 28.gxh5 Nh4 29.g3+/-.} 25. b6 {The quickest - and most natural.
The c-file is opened, the d5-pawn becomes passed and Be2/Na7 gets access to
the b5 square. Besides, White doesn/^t have to worry about b7-b6.} cxb6 26.
Bxb6 hxg4 27. Bb5 {It is natural to eliminate Bd7 which blocks the d-pawn and
the 7th row, covers c8 and is attacking h3. Besides, Be2 risked to be faced
with f4-f3.} f3 {Black has other moves, but I found none that looked
threatening. For example, 27...g3} 28. Bxd7 Rxd7 29. g3 {The smoke has cleared,
and the game enters into a manouvering phase. Black/^s fun on the King-side
has come to an end, while White enjoys an extra passed d-pawn. Qg5-h5 can now
be met by h2-h4. Crazy Fritz suggests 29.Qc2, but White/^s King looks very
lonely after 29...fxg2 30.Kxg2 Rf8 31.Rxf8+ Bxf8.} Nf8 30. h4 {With a blocked
King-side White can fully concentrate on the Queen-side. However, I didn/^t
quite like the idea of totally giving up the possibility to undermine the
King-side by h2-h3.} Qg6 {Black plans Nf8-h7-f6 with pressure on e4. White now
has two protected passed pawns (d5 + h4), Black has f3. In an endgame Black
will have trouble stopping both pawns. White wins after 30...gxh3 31.Qxf3 or
30...Qd2 31.Qxd2 Bxd2 32.Rc2 Ba5 33.Be3.} 31. Qb1 {Protecting e4 and Bb6.} Nh7
32. Nc8 Nf6 {32...Rxa4?? loses after 33.Qb5.} 33. Rc4 {
Here the Rook covers e4, a4, and Nc8.} Qe8 {After 33...Bf8 I had planned 34.
Bf2 Rg7 35.Qc2 followed by Rf1-b1-b5 to attack b7 and e5. 33...Nxe4?? loses
after 34.Re1.} 34. Qc2 Bf8 {34...Nxe4?? loses after 35.Qxe4 Rxc8 36.Qxg4+.} 35.
Bf2 Rg7 {Covering g4, threatening Nxe4-tricks.} 36. Rc1 {Extra protection of
Nc8 so that Black can forever forget about Nxe4. Black can do very little,
except waiting for me to improve my position.} Qg6 {36...b5? loses to 37.Rc6.}
37. d6 {The plan is to give up the d-pawn for e5, wherafter Bf2 becomes God on
d4.   In addition White gets an annoying Rook on the 5th row. Black/^s King
becomes very vulnerable when heavy artillery is rolling up behind the pawn
chain.} Qe8 38. Qb2 {From here the Queen points in the direction of Black/^s
weaknesses on b7 and e5.} Ra6 {I expected 38...Qe6 39.Rc5 Bxd6 40.Nxd6 Qxd6 41.
Rxe5. I cannot for the life of me see how Black can survive this. He has
weaknesses on b7 and g4, and Kg8 cannot feel safe at all. White is a pawn up,
has passed pawns on e4 and h4, Re5 is   sweeping the 5th row, and Bf2 is on
its way to d4. 38...Rxa4 loses to 39.Rxa4 Qxa4 40.Qxe5 with the point 40...
Nxe4? 41.Ne7+ Bxe7 42.dxe7; 38...Nxe4 is hopeless after 39.Rxe4 Rxc8 40.Rxc8
Qxc8 41.Qxe5. For example: 41...Qc1+ 42.Re1 Qc4 43.Rd1 Rd7 44.Rd4 Qc1+ 45.Kh2
Qc2 46.Rxg4+ Kh7 47.Kh3.} 39. Rc7 Rxc7 {
Or 39...Qe6 40.Rxg7+ Bxg7 41.Qxb7 Rxa4 42.Ne7+ Kh7 43.Nf5 and White wins.} 40.
dxc7 {Yet another positional piece sacrifice, and this time Black has no
option but to accept.} Qxc8 41. Qxe5 {White has but 2 pawns for the Knight,
but the c7 pawn paralyses Black.   The Queen is useless as a blocking piece.}
Bg7 {
Everything loses: 41...Kf7 42.Bd4 Ba3 43.Qf5; or 41...Re6 42.Qxe6+ Qxe6 43.c8Q.
} 42. Qe7 {Threatens Qd8, alternatively Rc1-c5-g5.} Ne8 43. Qd8 Ra8 44. Qd5+
Kh8 45. Rc5 {There is no defence. Some variations: 45...Bf8 (45...Nf6 46.Qf7
Kh7 47.Rf5 Qf8 48.Rxf6 Qxf7 49.Rxf7 Kh6 50.Rd7 Bf6 51.e5; 45...Nxc7 46.Qf7) 46.
Qd4+ Kh7 (46...Ng7 47.Rh5+ Kg8 48.Rh6 Qxc7 49.Qd5+ Qf7 50.Rh8+ Kxh8 51.Qxf7)
47.Rh5+ Bh6 48.Qb6 Ra6 49.Rxh6+ Kg7 50.Qd4+! Kxh6 51.Qh8+ Kg6 52.Qg8+ Kf6 53.
Qf8+ Kg6 54.Qf5+.} 1-0

[Event "Ivar Bern - WCCC XVII finale"]
[Site "?"]
[Date "2002.03.08"]
[Round "1"]
[White "Eriksson, Anders IM"]
[Black "Bern, Ivar"]
[Result "0-1"]
[WhiteElo "2519"]
[BlackElo "2592"]
[PlyCount "72"]
[EventDate "2002.??.??"]

1. Nf3 c5 2. g3 Nc6 3. Bg2 g6 4. O-O Bg7 5. c4 e5 6. Nc3 Nge7 7. Ne1 d6 8. Nc2
Be6 9. Ne3 Rb8 10. d3 a6 11. a4 O-O 12. Ned5 h6 13. Bd2 a5 14. f4 f5 15. Kh1
Kh7 16. Rf2 Nb4 17. Qb3 Nexd5 18. cxd5 Bd7 19. Raf1 exf4 20. Bxf4 Qe7 21. Rf3
g5 22. Bd2 Rbe8 23. e4 fxe4 24. Nxe4 Rxf3 25. Rxf3 b5 26. Bc3 c4 27. Qa3 Bg4
28. Bf6 Qa7 29. Rf1 Be2 30. Re1 cxd3 31. Qc3 Nxd5 32. Qc6 d2 33. Nxg5+ hxg5 34.
Qc2+ Kh6 35. Bxg7+ Qxg7 36. Qxd2 Qe5 0-1

[Event "Ivar Bern - WCCC XVII finale"]
[Site "?"]
[Date "2002.03.08"]
[Round "2"]
[White "Bern, Ivar"]
[Black "Danek, Libor GM"]
[Result "1-0"]
[WhiteElo "2592"]
[BlackElo "2546"]
[PlyCount "79"]
[EventDate "2002.??.??"]

1. d4 Nf6 2. c4 g6 3. Nc3 d5 4. cxd5 Nxd5 5. e4 Nxc3 6. bxc3 Bg7 7. Nf3 c5 8.
Rb1 O-O 9. Be2 cxd4 10. cxd4 Qa5+ 11. Bd2 Qxa2 12. O-O Qe6 13. Qc2 Qc6 14. Qd3
Qd6 15. Bb4 Qd8 16. d5 Na6 17. Ba3 b6 18. Qe3 Nc5 19. Rfd1 Bg4 20. e5 Rc8 21.
h3 Bxf3 22. Bxf3 Qc7 23. d6 exd6 24. exd6 Qd7 25. Be2 Rfd8 26. Bc4 Qf5 27. Bxc5
Rxc5 28. Qe7 Rcc8 29. d7 Rb8 30. Rb5 Qf4 31. Qe2 a6 32. Rbd5 b5 33. Ba2 Bf6 34.
g3 Qb4 35. Rd6 Qb2 36. Qf3 Kg7 37. h4 Rf8 38. h5 Bg5 39. Qg4 Be7 40. Qf4 1-0

[Event "Ivar Bern - WCCC XVII finale"]
[Site "?"]
[Date "2002.03.08"]
[Round "3"]
[White "Raupp, Thomas GM"]
[Black "Bern, Ivar"]
[Result "1/2-1/2"]
[WhiteElo "2630"]
[BlackElo "2592"]
[PlyCount "70"]
[EventDate "2002.??.??"]

1. d4 f5 2. g3 Nf6 3. Bg2 e6 4. Nf3 d5 5. O-O Bd6 6. c4 c6 7. Bf4 Bxf4 8. gxf4
O-O 9. e3 Ne4 10. Nbd2 Nd7 11. Rc1 Qe7 12. Nxe4 fxe4 13. Nd2 Nf6 14. f3 exf3
15. Nxf3 Bd7 16. Ne5 Be8 17. Qb3 Bh5 18. Rc2 Kh8 19. Bh3 Rae8 20. Qa3 Qxa3 21.
bxa3 dxc4 22. Nxc4 Bg6 23. Rb2 Bd3 24. Rc1 Bxc4 25. Rxc4 Re7 26. Rcb4 Rff7 27.
Ra4 a6 28. Ra5 Nd5 29. Rxa6 g5 30. Ra8+ Kg7 31. fxg5 Nxe3 32. Rf2 Nf5 33. Bxf5
exf5 34. Rf4 Re2 35. h4 h6 1/2-1/2

[Event "Ivar Bern - WCCC XVII finale"]
[Site "?"]
[Date "2002.03.08"]
[Round "4"]
[White "Bern, Ivar"]
[Black "Rohde, Wolfgang IM"]
[Result "1/2-1/2"]
[WhiteElo "2592"]
[BlackElo "2533"]
[PlyCount "80"]
[EventDate "2002.??.??"]

1. d4 Nf6 2. c4 e6 3. Nc3 Bb4 4. Qc2 O-O 5. a3 Bxc3+ 6. Qxc3 b6 7. Bg5 Bb7 8.
e3 d6 9. f3 Nbd7 10. Nh3 c5 11. dxc5 bxc5 12. Be2 Qb6 13. O-O d5 14. Rfd1 a5
15. Rd2 h6 16. Bh4 Bc6 17. Nf2 Rab8 18. Re1 Rfc8 19. Bf1 Ba4 20. Bg3 Rb7 21.
Qc1 Re8 22. h3 Nf8 23. Bh4 N8d7 24. e4 dxe4 25. Nxe4 Nxe4 26. Rxe4 Bc6 27. Re3
a4 28. Qe1 Nf8 29. Red3 e5 30. Rd6 Rd7 31. Rxd7 Nxd7 32. Bd3 Nf8 33. Bf2 f6 34.
Bf5 Qc7 35. Qe3 Ne6 36. Bxe6+ Rxe6 37. Qxc5 f5 38. Bh4 Qf7 39. Rd8+ Kh7 40. Rc8
Qg6 1/2-1/2

[Event "Ivar Bern - WCCC XVII finale"]
[Site "?"]
[Date "2002.03.08"]
[Round "5"]
[White "Korolev, Sergey GM"]
[Black "Bern, Ivar"]
[Result "1/2-1/2"]
[WhiteElo "2615"]
[BlackElo "2592"]
[PlyCount "70"]
[EventDate "2002.??.??"]

1. e4 c5 2. Nf3 Nc6 3. Bb5 g6 4. O-O Bg7 5. c3 Nf6 6. Re1 O-O 7. h3 e5 8. d4
cxd4 9. cxd4 d5 10. Bxc6 bxc6 11. Nxe5 Nxe4 12. Nc3 c5 13. Bf4 cxd4 14. Nxe4
dxe4 15. Rxe4 Qb6 16. Qxd4 g5 17. Bh2 f5 18. Qxb6 axb6 19. Rb4 Re8 20. Nf3 g4
21. hxg4 fxg4 22. Nd2 Re2 23. Bf4 g3 24. f3 Bb7 25. Nf1 Bxb2 26. Nxg3 Rc2 27.
Rd1 Ba3 28. Rb3 Bc5+ 29. Kh1 Raxa2 30. Rd8+ Kf7 31. Rd7+ Ke6 32. Rxb7 Rxg2 33.
R3xb6+ Kd5 34. Rd7+ Kc4 35. Ne2 Raxe2 1/2-1/2

[Event "Ivar Bern - WCCC XVII finale"]
[Site "?"]
[Date "2002.03.08"]
[Round "7"]
[White "Zugrav, Wolfgang IM"]
[Black "Bern, Ivar"]
[Result "1/2-1/2"]
[WhiteElo "2535"]
[BlackElo "2592"]
[PlyCount "67"]
[EventDate "2002.??.??"]

1. e4 c5 2. Nf3 Nc6 3. d4 cxd4 4. Nxd4 Nf6 5. Nc3 e5 6. Ndb5 d6 7. Bg5 a6 8.
Na3 b5 9. Bxf6 gxf6 10. Nd5 f5 11. Bd3 Be6 12. O-O Bxd5 13. exd5 Ne7 14. c3 Bg7
15. Nc2 O-O 16. a4 e4 17. Be2 bxa4 18. Rxa4 Qb6 19. Ra2 f4 20. Qd2 Be5 21. Na3
Qc5 22. Nc4 f3 23. gxf3 exf3 24. Bd3 Qxd5 25. Kh1 Ng6 26. Rg1 Qe6 27. Ra4 Kh8
28. Qh6 Bf4 29. Qh5 Rg8 30. Ne3 Bxe3 31. Re4 Qb3 32. Rxe3 Raf8 33. Qf5 Qxb2 34.
Qf6+ 1/2-1/2

[Event "Ivar Bern - WCCC XVII finale"]
[Site "?"]
[Date "2002.03.08"]
[Round "8"]
[White "Bern, Ivar"]
[Black "Mueller, Gerhard IM"]
[Result "1/2-1/2"]
[WhiteElo "2592"]
[BlackElo "2469"]
[PlyCount "122"]
[EventDate "2002.??.??"]

1. d4 Nf6 2. c4 e6 3. Nc3 c5 4. d5 exd5 5. cxd5 d6 6. e4 g6 7. h3 Bg7 8. Nf3
O-O 9. Bd3 b5 10. Bxb5 Nxe4 11. Nxe4 Qa5+ 12. Nfd2 Qxb5 13. Nxd6 Qa6 14. N2c4
Nd7 15. O-O Nb6 16. Nxb6 Qxb6 17. Nxc8 Raxc8 18. d6 Bd4 19. Bf4 Qxb2 20. Qf3
Rcd8 21. Rae1 Qxa2 22. Qc6 Rc8 23. Qb7 Rcd8 24. Bh6 Bg7 25. Bxg7 Kxg7 26. d7
Qa5 27. Qd5 Qa4 28. Re7 Qd4 29. Qc6 c4 30. Qc7 Qb6 31. Qe5+ Kg8 32. Re1 Qc6 33.
Qd4 c3 34. Rc1 Qb6 35. Qxb6 axb6 36. Rxc3 b5 37. Rce3 Kg7 38. Kf1 Rb8 39. Ke2
b4 40. Kd2 b3 41. Kc1 b2+ 42. Kb1 h5 43. h4 Rfd8 44. Re8 Kf6 45. Rf3+ Kg7 46.
Re7 Rf8 47. Rf4 Ra8 48. g4 Rfb8 49. Rfxf7+ Kg8 50. Rg7+ Kh8 51. Rh7+ Kg8 52.
Reg7+ Kf8 53. d8=Q+ Rxd8 54. Rb7 Kg8 55. Rhg7+ Kh8 56. Rh7+ Kg8 57. Rbg7+ Kf8
58. Rxg6 Rd2 59. Rh8+ Kf7 60. Rxa8 Kxg6 61. Ra6+ Kg7 1/2-1/2

[Event "Ivar Bern - WCCC XVII finale"]
[Site "?"]
[Date "2002.03.08"]
[Round "11"]
[White "Voyna, Alexandr GM"]
[Black "Bern, Ivar"]
[Result "1/2-1/2"]
[WhiteElo "2617"]
[BlackElo "2592"]
[PlyCount "71"]
[EventDate "2002.??.??"]

1. e4 c5 2. Nf3 Nc6 3. d4 cxd4 4. Nxd4 Nf6 5. Nc3 e5 6. Ndb5 d6 7. Nd5 Nxd5 8.
exd5 Nb8 9. c4 Be7 10. Bd3 O-O 11. O-O a6 12. Nc3 f5 13. f3 Bg5 14. Qc2 Bxc1
15. Raxc1 g6 16. Kh1 Nd7 17. b4 b6 18. Qb3 Rb8 19. Be2 Nf6 20. Qa3 Nh5 21. g3
Qg5 22. Rc2 Qh6 23. Kg2 g5 24. c5 e4 25. f4 gxf4 26. Bxh5 f3+ 27. Bxf3 exf3+
28. Rxf3 bxc5 29. bxc5 f4 30. Rcf2 Bh3+ 31. Kh1 Qg6 32. Qc1 fxg3 33. Rxf8+ Rxf8
34. Rxf8+ Kxf8 35. Qf4+ Qf5 36. Qxf5+ 1/2-1/2

[Event "Ivar Bern - WCCC XVII finale"]
[Site "?"]
[Date "2002.03.08"]
[Round "14"]
[White "Bern, Ivar"]
[Black "Neumann, Joachim GM"]
[Result "1/2-1/2"]
[WhiteElo "2592"]
[BlackElo "2685"]
[PlyCount "77"]
[EventDate "2002.??.??"]

1. d4 Nf6 2. c4 e6 3. Nc3 Bb4 4. Qc2 O-O 5. a3 Bxc3+ 6. Qxc3 b6 7. Bg5 Ba6 8.
e3 d6 9. Nf3 Nbd7 10. b4 c5 11. dxc5 bxc5 12. Bd3 h6 13. Bh4 d5 14. cxd5 Nxd5
15. Qb2 Qc8 16. b5 c4 17. Rc1 c3 18. Qc2 Bb7 19. O-O Qc5 20. e4 Nf4 21. Bg3
Nxd3 22. Qxd3 Nb6 23. Bd6 Rfd8 24. Bxc5 Rxd3 25. Ne5 Rd2 26. Rxc3 Bxe4 27. f3
Bd5 28. Rcc1 Bb3 29. Rf2 Rd5 30. Nc6 Kh7 31. Rb2 Ba4 32. Ne7 Rd3 33. Bxb6 axb6
34. Nc8 Rb8 35. Rc6 Rd5 36. Nd6 Rd8 37. Nxf7 R8d7 38. Rb4 Bxb5 39. Rd6 1/2-1/2

[Event "Ivar Bern - WCCC XVII finale"]
[Site "?"]
[Date "2002.03.08"]
[Round "15"]
[White "Glatt, Gabor IM"]
[Black "Bern, Ivar"]
[Result "1/2-1/2"]
[WhiteElo "2578"]
[BlackElo "2592"]
[PlyCount "48"]
[EventDate "2002.??.??"]

1. e4 c5 2. Nf3 Nc6 3. d4 cxd4 4. Nxd4 Nf6 5. Nc3 e5 6. Ndb5 d6 7. Bg5 a6 8.
Na3 b5 9. Nd5 Be7 10. Bxf6 Bxf6 11. c3 O-O 12. Nc2 Bg5 13. a4 bxa4 14. Rxa4 a5
15. Bc4 Rb8 16. b3 Kh8 17. O-O f5 18. exf5 Bxf5 19. Nce3 Bg6 20. Re1 Qd7 21.
Nf1 Bd8 22. Ra2 Ne7 23. Nfe3 Nc6 24. Nf1 Ne7 1/2-1/2

[Event "Ivar Bern - WCCC XVII finale"]
[Site "?"]
[Date "2002.03.08"]
[Round "6"]
[White "Bern, Ivar"]
[Black "Gallinnis, Norbert IM"]
[Result "1-0"]
[WhiteElo "2592"]
[BlackElo "2570"]
[PlyCount "97"]
[EventDate "2002.??.??"]

1. d4 Nf6 2. c4 c5 3. d5 e6 4. Nc3 exd5 5. cxd5 d6 6. e4 g6 7. h3 Bg7 8. Nf3
O-O 9. Bd3 Nh5 10. O-O Nd7 11. Bg5 Bf6 12. Be3 Re8 13. g4 Ng7 14. Kg2 a6 15. a4
b6 16. Qd2 Ra7 17. Ne2 Ne5 18. Nxe5 Bxe5 19. f4 Bf6 20. g5 Be7 21. f5 gxf5 22.
exf5 f6 23. h4 Nh5 24. Nf4 Nxf4+ 25. Bxf4 Bf8 26. Kh2 Bg7 27. Rg1 c4 28. Bc2
Kh8 29. g6 Rae7 30. Rg2 hxg6 31. Rf1 Qd7 32. Qd1 b5 33. axb5 axb5 34. Qf3 Kg8
35. Rff2 Qa7 36. Rd2 Qa1 37. Rg1 Re1 38. Rxg6 R8e7 39. Qg2 Kh7 40. Bg5 Rf7 41.
Bxf6 Rh1+ 42. Qxh1 Qxh1+ 43. Kxh1 Bxf6 44. Re2 Bb7 45. Kg1 Bc8 46. Kg2 Rf8 47.
Kg3 b4 48. Kg4 b3 49. Bb1 1-0

[Event "Ivar Bern - WCCC XVII finale"]
[Site "?"]
[Date "2002.03.08"]
[Round "12"]
[White "Bern, Ivar"]
[Black "Stern, Werner SM"]
[Result "1/2-1/2"]
[WhiteElo "2592"]
[BlackElo "2552"]
[PlyCount "101"]
[EventDate "2002.??.??"]

1. d4 Nf6 2. c4 g6 3. Nc3 d6 4. e4 Bg7 5. Nf3 O-O 6. Be2 e5 7. O-O Nc6 8. d5
Ne7 9. Ne1 Nd7 10. Be3 f5 11. f3 f4 12. Bf2 g5 13. Rc1 Ng6 14. c5 Nxc5 15. b4
Na6 16. Nd3 h5 17. Nb5 Bd7 18. a4 Bh6 19. Rc3 b6 20. Be1 Rf7 21. Nf2 Bc8 22.
Ra3 Nxb4 23. Bxb4 a6 24. Nxd6 cxd6 25. Rb3 Bf8 26. Qa1 Rfa7 27. Ra3 Be7 28. Rb1
Nf8 29. Be1 Nd7 30. Nd3 Nc5 31. Nb4 Rb7 32. Nc6 Qc7 33. Bf2 g4 34. Qc3 a5 35.
Rb5 Bf6 36. Ra1 gxf3 37. Bxf3 h4 38. Kh1 Kh8 39. Bxc5 dxc5 40. h3 Bd7 41. Bg4
Rg8 42. Qf3 Bxc6 43. dxc6 Qxc6 44. Rd1 Bd8 45. Rb2 Re7 46. Bf5 Qh6 47. Rbd2 Bc7
48. Qb3 Qg5 49. Bg4 Qg6 50. Qc4 Rgg7 51. Kg1 1/2-1/2

[Event "Ivar Bern - WCCC XVII finale"]
[Site "?"]
[Date "2002.03.08"]
[Round "9"]
[White "Khlusevich, Sergey GM"]
[Black "Bern, Ivar"]
[Result "0-1"]
[WhiteElo "2623"]
[BlackElo "2592"]
[PlyCount "62"]
[EventDate "2002.??.??"]

1. e4 c5 2. Nf3 Nc6 3. d4 cxd4 4. Nxd4 Nf6 5. Nc3 e5 6. Ndb5 d6 7. Bg5 a6 8.
Na3 b5 9. Bxf6 gxf6 10. Nd5 f5 11. Bd3 Be6 12. Qh5 Rg8 13. g3 Nd4 14. c3 fxe4
15. Bxe4 Bg4 16. Qxh7 Rg7 17. Qh6 Nf3+ 18. Ke2 Ng5+ 19. f3 Nxe4 20. fxg4 Qc8
21. Qe3 Qxg4+ 22. Qf3 Qxf3+ 23. Kxf3 f5 24. Nc2 Kf7 25. Nce3 Nf6 26. Nxf6 Kxf6
27. Ke2 Ke6 28. Rhf1 Rf7 29. a4 b4 30. c4 b3 31. Rf3 e4 0-1

[Event "Ivar Bern - WCCC XVII finale"]
[Site "?"]
[Date "2002.03.08"]
[Round "10"]
[White "Bern, Ivar"]
[Black "Vukcevic, Borislav GM"]
[Result "1/2-1/2"]
[WhiteElo "2592"]
[BlackElo "2543"]
[PlyCount "97"]
[EventDate "2002.??.??"]

1. d4 d5 2. c4 e6 3. Nc3 c6 4. Nf3 dxc4 5. a4 Bb4 6. e3 b5 7. Bd2 a5 8. axb5
Bxc3 9. Bxc3 cxb5 10. b3 Bb7 11. bxc4 b4 12. Bb2 Nf6 13. Bd3 Nbd7 14. O-O O-O
15. Nd2 e5 16. d5 Qe7 17. Kh1 Nc5 18. Bc2 Rfe8 19. f4 exf4 20. exf4 Qe2 21. Bd4
Nfd7 22. Qc1 a4 23. Bf5 g6 24. Bxd7 Nxd7 25. f5 Rac8 26. Nf3 Rxc4 27. Qh6 Rxd4
28. Nxd4 Qe4 29. Qd2 Qxd5 30. Rxa4 b3 31. Rb4 Re4 32. h3 Nc5 33. Rd1 f6 34. Kg1
Nd3 35. Rxb7 Qxd4+ 36. Kh2 Re3 37. fxg6 hxg6 38. Rf1 Qe5+ 39. Kg1 Qd4 40. Rd7
Qxd7 41. Qxe3 b2 42. Qb6 Kh7 43. Qxf6 Qa7+ 44. Kh1 Nf2+ 45. Kh2 Qb8+ 46. g3
Ng4+ 47. hxg4 b1=Q 48. Qe7+ Kh8 49. Rf8+ 1/2-1/2

[Event "Liechtenstein Museum Match"]
[Site "?"]
[Date "2005.09.17"]
[Round "?"]
[White "Yoav Dothan, Khalid Chorfi"]
[Black "Schakel, Pablo Salcedo"]
[Result "1/2-1/2"]
[WhiteElo "2591"]
[BlackElo "2386"]
[Annotator "Schakel,C"]
[PlyCount "74"]
[EventType "corr"]

1. e4 c5 2. Nf3 Nc6 3. d4 cxd4 4. Nxd4 Nf6 5. Nc3 e5 6. Ndb5 d6 7. Bg5 a6 8.
Na3 b5 9. Bxf6 gxf6 10. Nd5 f5 11. Bd3 Be6 12. Qh5 Rg8 13. g3 Nd4 14. c3 fxe4
15. Bxe4 Bg4 16. Qxh7 Rg7 17. Qh6 Nf3+ 18. Ke2 Ng5+ 19. f3 Nxe4 20. fxg4 Qc8
21. Qe3 Qxg4+ 22. Qf3 Qxf3+ 23. Kxf3 f5 24. Nc2 Kf7 25. Nce3 Nf6 26. a4 Nxd5
27. Nxd5 Ke6 28. Rhd1 Raa7 29. b3 Rh7 30. axb5 axb5 31. Rxa7 Rxa7 32. g4 fxg4+
33. Kxg4 Ra3 34. Nc7+ Kd7 35. Nxb5 Rxb3 36. Rf1 Be7 37. c4 Rb4 1/2-1/2

[Event "Aeroflot Open"]
[Site "?"]
[Date "2004.??.??"]
[Round "6"]
[White "Carlsen, Magnus"]
[Black "Yakovich, Yuri"]
[Result "1-0"]
[WhiteElo "2484"]
[BlackElo "2591"]
[PlyCount "81"]
[EventDate "2004.02.20"]

1. e4 c5 2. Nf3 Nc6 3. Nc3 e6 4. d4 cxd4 5. Nxd4 a6 6. g3 d6 7. Bg2 Bd7 8. O-O
Nf6 9. Nxc6 Bxc6 10. a4 Be7 11. a5 O-O 12. Qe2 Qc7 13. Rd1 b5 14. axb6 Qxb6 15.
b3 Rfd8 16. Ba3 Bf8 17. Rd3 a5 18. Rad1 Ne8 19. e5 Bxg2 20. Kxg2 Rac8 21. exd6
Bxd6 22. Na4 Qc7 23. Bxd6 Rxd6 24. Rxd6 Nxd6 25. Qe5 Nb7 26. Qb5 Nd6 27. Qe5
Qc6+ 28. Kg1 Nb7 29. c4 h6 30. Qb5 Qe4 31. Nb6 Qe2 32. Nxc8 Qxd1+ 33. Kg2 Nd6
34. Qd7 Qxb3 35. Nxd6 a4 36. Qxf7+ Kh8 37. Qe8+ Kh7 38. Qb5 Qc2 39. Qb4 Qd1 40.
c5 Qd5+ 41. Qe4+ 1-0

[Event "Barentsmesterskapet, Klasse A"]
[Site "Alta"]
[Date "2003.06.19"]
[Round "5"]
[White "Carlsen, Magnus Øen"]
[Black "Shkadiouk, Alexandr (RUS)"]
[Result "1-0"]
[WhiteElo "2326"]
[BlackElo "2167"]
[PlyCount "75"]
[EventDate "2003.??.??"]

1. e4 c5 2. Nf3 Nc6 3. Bb5 g6 4. Bxc6 dxc6 5. d3 Bg7 6. h3 Nf6 7. Nc3 O-O 8.
Be3 b6 9. Qd2 Re8 10. Bh6 Bh8 11. O-O-O a5 12. e5 Nd5 13. Ne4 f6 14. h4 Bg4 15.
c4 Nc7 16. Qf4 Bxf3 17. Qxf3 f5 18. Ng5 Bxe5 19. h5 Qd4 20. Qe2 Bf4+ 21. Kb1 e5
22. hxg6 hxg6 23. Qf3 Qd6 24. g4 Qf6 25. Nh7 Qe6 26. Bxf4 exf4 27. Qxf4 Re7 28.
gxf5 Qxf5 29. Nf6+ Kf7 30. Rh7+ Kxf6 31. Qh4+ Qg5 32. Qxg5+ Kxg5 33. Rxe7 Rc8
34. Rde1 Kf6 35. Rd7 Kf5 36. Rf7+ Kg5 37. Rg1+ Kh6 38. f4 1-0

[Event "Høstturnering"]
[Site "Asker"]
[Date "2001.10.15"]
[Round "5"]
[White "Carlsen, Magnus Øen"]
[Black "Hall, Torstein"]
[Result "1-0"]
[WhiteElo "2100"]
[BlackElo "1680"]
[PlyCount "87"]
[EventDate "2001.??.??"]

1. e4 d6 2. d4 Nf6 3. f3 d5 4. e5 Nfd7 5. Be3 e6 6. f4 c5 7. c3 Nc6 8. Nf3 cxd4
9. Nxd4 Nxd4 10. cxd4 Qb6 11. Qd2 Bb4 12. Nc3 O-O 13. a3 Be7 14. Bd3 f5 15. O-O
Rf7 16. Rac1 Nf8 17. Na4 Qd8 18. Rc2 b6 19. Rfc1 Bd7 20. Nc3 h6 21. Kh1 g5 22.
g4 gxf4 23. Bxf4 Bg5 24. gxf5 exf5 25. Bxg5 hxg5 26. Nxd5 Ne6 27. Nf6+ Rxf6 28.
exf6 Nf4 29. Bc4+ Kh8 30. Qe3 Bc6+ 31. Kg1 Be4 32. Rd2 Qxf6 33. d5 Qd6 34. Bb3
Re8 35. Rc6 Qe5 36. Qc3 Bd3 37. Re6 Rxe6 38. dxe6 Nh3+ 39. Kg2 Nf4+ 40. Kf3 g4+
41. Kf2 Nh3+ 42. Kg2 Nf4+ 43. Kh1 Be4+ 44. Kg1 1-0